[Event "Banff op"]
[Site "Banff"]
[Date "2021.11.12"]
[Round "2"]
[White "Gedajlovic, Max"]
[Black "Prince, Colin"]
[Result "1-0"]
[WhiteElo "2332"]
[BlackElo "1834"]
[PlyCount "79"]
[EventDate "2021.11.12"]
[EventType "swiss"]
[EventRounds "6"]
[EventCountry "CAN"]
[SourceTitle "CBM 205 Extra"]
[Source "ChessBase"]
[SourceDate "2022.01.31"]
[SourceVersion "1"]
[SourceVersionDate "2022.01.31"]
[SourceQuality "1"]

1. d4 Nf6 2. Nf3 d5 3. e3 e6 4. Bd3 Bd6 5. b3 Nbd7 6. Bb2 Ne4 7. 0-0 f5 8. c4 c6 9. Ba3 Qe7 10. Bxd6 Qxd6 11. Qc1 0-0 12. Qa3 Qc7 13. Qb2 Rf6 14. Nc3 Rh6 15. Ne2 g5 16. Ne5 Nf8 17. f3 Nf6 18. b4 Ng6 19. Rac1 Qg7 20. b5 Bd7 21. cxd5 Nxd5 22. bxc6 Bxc6 23. Nxc6 bxc6 24. Rxc6 Nxe3 25. Rfc1 Nd5 26. Rxe6 Ngf4 27. Nxf4 Nxf4 28. Rxh6 Nxd3 29. Qb3+ Kh8 30. Qxd3 Qxh6 31. Qxf5 Re8 32. Rc8 Rxc8 33. Qxc8+ Kg7 34. Qb7+ Kg8 35. Qb8+ Kg7 36. Qxa7+ Kg8 37. Qb8+ Kg7 38. Qe5+ Kg8 39. h3 Qg6 40. d5 1-0

[Event "Winnipeg Woodbury Memorial"]
[Site "Winnipeg"]
[Date "2019.11.26"]
[Round "4.3"]
[White "Prince, Colin"]
[Black "Czypinski, Jaroslaw"]
[Result "1-0"]
[WhiteElo "1884"]
[BlackElo "1975"]
[PlyCount "83"]
[EventDate "2019.11.05"]
[EventType "swiss"]
[EventRounds "6"]
[EventCountry "CAN"]
[SourceTitle "EXT 2023"]
[Source "ChessBase"]
[SourceDate "2022.10.05"]
[SourceVersion "1"]
[SourceVersionDate "2022.10.05"]
[SourceQuality "1"]

1. e4 e6 2. d4 d5 3. e5 c5 4. c3 Qb6 5. Nf3 cxd4 6. cxd4 Bd7 7. Nc3 Bb4 8. a3 Bxc3+ 9. bxc3 Bb5 10. Rb1 a6 11. a4 Qc7 12. axb5 axb5 13. Bxb5+ Nc6 14. 0-0 Nge7 15. Qb3 0-0 16. Bxc6 bxc6 17. Qb7 Qd8 18. Bg5 Re8 19. Bxe7 Rxe7 20. Qxc6 Rc7 21. Qb6 Qc8 22. Rfc1 h6 23. Qb3 Qd7 24. h4 Rac8 25. g3 Kh8 26. Ne1 Ra8 27. Nd3 Rca7 28. Nc5 Qe7 29. Qc2 h5 30. Rb2 g5 31. Qe2 g4 32. Qe3 Kh7 33. Rcb1 Ra1 34. Rxa1 Rxa1+ 35. Kg2 Ra7 36. Qd3+ Kg7 37. Qb1 Qe8 38. Rb7 Rxb7 39. Qxb7 Kh6 40. Nd7 Qd8 41. Nf6 Kg6 42. Qb1+ 1-0

[Event "Winnipeg op"]
[Site "Winnipeg"]
[Date "2019.06.18"]
[Round "3.4"]
[White "Prince, Colin"]
[Black "Ma, Derek"]
[Result "0-1"]
[WhiteElo "1858"]
[BlackElo "2094"]
[PlyCount "52"]
[EventDate "2019.06.04"]
[EventType "swiss"]
[EventRounds "8"]
[EventCountry "CAN"]
[SourceTitle "EXT 2023"]
[Source "ChessBase"]
[SourceDate "2022.10.05"]
[SourceVersion "1"]
[SourceVersionDate "2022.10.05"]
[SourceQuality "1"]

1. e4 c5 2. b4 cxb4 3. a3 e5 4. Nf3 Nc6 5. Bb2 d6 6. Bb5 Qb6 7. Qe2 bxa3 8. Nxa3 a6 9. Bxc6+ Qxc6 10. d4 f6 11. h3 Ne7 12. dxe5 dxe5 13. 0-0 Ng6 14. Bc1 Bc5 15. Kh2 0-0 16. c4 Be6 17. Nc2 Rfd8 18. Be3 Bxe3 19. Qxe3 Qxc4 20. Rfc1 Rd3 21. Qb6 Rb3 22. Qd6 Qc6 23. Qd1 Rc3 24. Ncd4 exd4 25. Nxd4 Rxc1 26. Rxc1 Qd6+ 0-1

[Event "Winnipeg Divinsky Memorial"]
[Site "Winnipeg"]
[Date "2019.04.09"]
[Round "2.1"]
[White "Wolchock, Theo"]
[Black "Prince, Colin"]
[Result "1-0"]
[WhiteElo "2183"]
[BlackElo "1839"]
[PlyCount "129"]
[EventDate "2019.04.02"]
[EventType "swiss"]
[EventRounds "4"]
[EventCountry "CAN"]
[SourceTitle "EXT 2022"]
[Source "ChessBase"]
[SourceDate "2021.10.06"]
[SourceVersion "1"]
[SourceVersionDate "2021.10.06"]
[SourceQuality "1"]

1. e4 e5 2. Nf3 Nc6 3. Bb5 a6 4. Ba4 Nf6 5. Qe2 b5 6. Bb3 Bc5 7. c3 0-0 8. 0-0 d6 9. Rd1 Bg4 10. h3 Bh5 11. d3 h6 12. Nbd2 a5 13. Nf1 a4 14. Bc2 Qe7 15. Ng3 Bg6 16. d4 Bb6 17. Qxb5 Nd8 18. dxe5 Ne8 19. exd6 Nxd6 20. Qe5 Ne6 21. Nf5 Bxf5 22. exf5 Ra5 23. f6 Qd8 24. Rd5 Rxd5 25. Qxd5 Qxf6 26. Bxa4 Nc5 27. Bc2 Rd8 28. Qe5 Nce4 29. Qxf6 Bxf2+ 30. Kf1 gxf6 31. Bxh6 Bg3 32. Rd1 f5 33. Be3 Re8 34. Bd4 c5 35. Bg1 Bf4 36. Bf2 Re6 37. Kg1 Nc4 38. Bb3 Nxf2 39. Rd8+ Kg7 40. Bxc4 Re4 41. Kxf2 Be3+ 42. Kf1 Rxc4 43. Rd3 Re4 44. Nd2 Re6 45. Nc4 Bf4 46. Kf2 Bg5 47. Rd5 Rg6 48. Rxc5 Bh4+ 49. Kf1 Re6 50. Re5 Rc6 51. Ne3 Kf6 52. Rxf5+ Kg6 53. Rf3 Rd6 54. Ke2 Bg5 55. c4 f5 56. Nd5 Rd8 57. Kd3 f4 58. Kc3 Kf5 59. b4 Ke4 60. b5 Rf8 61. Kb3 Bh6 62. Nc3+ Ke5 63. g3 fxg3 64. Rxg3 Rf1 65. a4 1-0

[Event "Winnipeg TNT January op"]
[Site "Winnipeg"]
[Date "2019.01.29"]
[Round "4.2"]
[White "Proulx, Roy"]
[Black "Prince, Colin"]
[Result "1/2-1/2"]
[WhiteElo "1878"]
[BlackElo "1883"]
[PlyCount "25"]
[EventDate "2019.01.08"]
[EventType "swiss"]
[EventRounds "4"]
[EventCountry "CAN"]
[SourceTitle "EXT 2022"]
[Source "ChessBase"]
[SourceDate "2021.10.06"]
[SourceVersion "1"]
[SourceVersionDate "2021.10.06"]
[SourceQuality "1"]

1. e4 e5 2. Nf3 Nc6 3. Bb5 a6 4. Ba4 Nf6 5. 0-0 Be7 6. h3 b5 7. Bb3 0-0 8. Re1 Bb7 9. c3 d6 10. d4 Re8 11. Ng5 Rf8 12. Nf3 Re8 13. Ng5 1/2-1/2

[Event "Winnipeg Woodbury Memorial"]
[Site "Winnipeg"]
[Date "2018.12.04"]
[Round "5.6"]
[White "Prince, Colin"]
[Black "Myrzaibraimov, Azamat"]
[Result "1-0"]
[WhiteElo "1878"]
[BlackElo "1440"]
[PlyCount "42"]
[EventDate "2018.11.06"]
[EventType "swiss"]
[EventRounds "7"]
[EventCountry "CAN"]
[SourceTitle "EXT 2022"]
[Source "ChessBase"]
[SourceDate "2021.10.06"]
[SourceVersion "1"]
[SourceVersionDate "2021.10.06"]
[SourceQuality "1"]

1. e4 e5 2. Nf3 Nc6 3. Bc4 h6 4. d4 b6 5. dxe5 Bb4+ 6. c3 Bc5 7. b4 Be7 8. Qb3 Bb7 9. Bxf7+ Kf8 10. Bg6 d5 11. exd5 Nxb4 12. cxb4 Bxd5 13. Qe3 Bxb4+ 14. Bd2 Bxd2+ 15. Nbxd2 Bf7 16. Qf4 Qd5 17. Be4 Qd8 18. Bxa8 Qxa8 19. e6 Qe8 20. Qxf7+ Qxf7 21. exf7 Kxf7 1-0

[Event "Winnipeg TNT October op"]
[Site "Winnipeg"]
[Date "2018.10.09"]
[Round "2.3"]
[White "Prince, Colin"]
[Black "Melnyk, Jim"]
[Result "1-0"]
[WhiteElo "1850"]
[BlackElo "1572"]
[PlyCount "57"]
[EventDate "2018.10.02"]
[EventType "swiss"]
[EventRounds "5"]
[EventCountry "CAN"]
[SourceTitle "EXT 2022"]
[Source "ChessBase"]
[SourceDate "2021.10.06"]
[SourceVersion "1"]
[SourceVersionDate "2021.10.06"]
[SourceQuality "1"]

1. e4 Nc6 2. Nf3 e5 3. Bc4 Nf6 4. d4 Be7 5. dxe5 Ng4 6. Bf4 g5 7. Bg3 h5 8. h4 gxh4 9. Nxh4 Ncxe5 10. Bb3 c6 11. f3 Bxh4 12. Rxh4 Ne3 13. Qe2 Qg5 14. Qf2 N5c4 15. f4 Qa5+ 16. Nc3 Ng4 17. Qd4 Rh7 18. Bxc4 Qb6 19. Qxb6 axb6 20. Bd3 d6 21. 0-0-0 Rg7 22. Rxh5 Nf6 23. Rh8+ Ng8 24. Ne2 Bg4 25. Be1 Rxa2 26. Kb1 Ra8 27. Bc3 Bxe2 28. Bxg7 Bxd1 29. Rxg8+ 1-0

[Event "Winnipeg op"]
[Site "Winnipeg"]
[Date "2018.07.10"]
[Round "6"]
[White "Prince, Colin"]
[Black "Remillard, John"]
[Result "1-0"]
[WhiteElo "1520"]
[BlackElo "1733"]
[PlyCount "67"]
[EventDate "2018.06.05"]
[EventType "swiss"]
[EventRounds "8"]
[EventCountry "CAN"]
[SourceTitle "EXT 2022"]
[Source "ChessBase"]
[SourceDate "2021.10.06"]
[SourceVersion "1"]
[SourceVersionDate "2021.10.06"]
[SourceQuality "1"]

1. e4 e6 2. d4 c5 3. Nf3 cxd4 4. Nxd4 Bc5 5. Be3 Qb6 6. b3 Nc6 7. c3 Nge7 8. Nc2 d5 9. Nd2 0-0 10. Bd3 d4 11. cxd4 Nxd4 12. Nc4 Nxc2+ 13. Qxc2 Bb4+ 14. Ke2 Qc7 15. a4 Bd7 16. Rac1 Nc6 17. Qb2 Qd8 18. h4 Be7 19. h5 Bf6 20. e5 Be7 21. Qc2 Nb4 22. Bxh7+ Kh8 23. Qb1 b5 24. Nd6 bxa4 25. bxa4 Nd5 26. Bg6 Bxd6 27. exd6 Rb8 28. Qa1 fxg6 29. hxg6+ Kg8 30. Rh8+ Kxh8 31. Rh1+ Kg8 32. Rh8+ Kxh8 33. Qh1+ Kg8 34. Qh7# 1-0

[Event "Winnipeg op"]
[Site "Winnipeg"]
[Date "2018.06.26"]
[Round "4"]
[White "Lei, Yanyu"]
[Black "Prince, Colin"]
[Result "0-1"]
[WhiteElo "1337"]
[BlackElo "1837"]
[PlyCount "86"]
[EventDate "2018.06.05"]
[EventType "swiss"]
[EventRounds "8"]
[EventCountry "CAN"]
[SourceTitle "EXT 2022"]
[Source "ChessBase"]
[SourceDate "2021.10.06"]
[SourceVersion "1"]
[SourceVersionDate "2021.10.06"]
[SourceQuality "1"]

1. d4 Nf6 2. c4 e5 3. d5 Bc5 4. Bg5 Bxf2+ 5. Kxf2 Ne4+ 6. Ke1 Qxg5 7. Nf3 Qe3 8. Qc2 d6 9. Nbd2 Nf2 10. Rg1 e4 11. a4 exf3 12. Ra3 Nd3+ 13. Rxd3 f2+ 14. Kd1 fxg1Q 15. Rxe3+ Qxe3 16. a5 Na6 17. b4 0-0 18. b5 Nc5 19. Nf3 Qb3 20. Qxb3 Nxb3 21. e4 Bg4 22. Kc2 Bxf3 23. gxf3 Nd4+ 24. Kd3 Nxf3 25. h3 f5 26. Be2 fxe4+ 27. Kxe4 Rae8+ 28. Kd3 Rxe2 29. Kxe2 Ng1+ 30. Kd3 Nxh3 31. Kd4 g5 32. c5 Rf4+ 33. Ke3 dxc5 34. d6 cxd6 35. a6 bxa6 36. bxa6 g4 37. Kd3 g3 38. Ke3 g2 39. Kd3 g1Q 40. Ke2 Qg2+ 41. Kd3 Nf2+ 42. Ke3 Nd1+ 43. Kd3 Rd4# 0-1

[Event "Winnipeg TNT May op"]
[Site "Winnipeg"]
[Date "2018.05.29"]
[Round "5"]
[White "Prince, Colin"]
[Black "Tarasoff, Shawn"]
[Result "1/2-1/2"]
[WhiteElo "1857"]
[BlackElo "1400"]
[PlyCount "119"]
[EventDate "2018.05.01"]
[EventType "swiss"]
[EventRounds "5"]
[EventCountry "CAN"]
[SourceTitle "EXT 2022"]
[Source "ChessBase"]
[SourceDate "2021.10.06"]
[SourceVersion "1"]
[SourceVersionDate "2021.10.06"]
[SourceQuality "1"]

1. e4 e5 2. Nf3 Nc6 3. Bc4 Bc5 4. c3 Na5 5. Bxf7+ Kxf7 6. Nxe5+ Kf8 7. d4 Bd6 8. f4 Nf6 9. Qf3 Be7 10. h3 d6 11. Nd3 d5 12. e5 Ne4 13. 0-0 Nc4 14. b3 Nb6 15. f5 Bg5 16. Bf4 c6 17. g3 Kg8 18. h4 Bxh4 19. f6 Bxf6 20. exf6 Nxf6 21. Be5 Be6 22. Nf4 Bf7 23. g4 h6 24. Nd2 Qe7 25. Rae1 Rf8 26. Qg3 Qd8 27. g5 hxg5 28. Qxg5 Rh6 29. Re2 Nh5 30. Qxh6 gxh6 31. Rg2+ Qg5 32. Nf3 Qxg2+ 33. Nxg2 Bg6 34. Ngh4 Be4 35. Kh2 Kh7 36. Bd6 Rd8 37. Ba3 Nd7 38. Nd2 Bg6 39. Nxg6 Kxg6 40. Nf3 Re8 41. Rf2 Ndf6 42. Rg2+ Kh7 43. Ne5 Rg8 44. Rf2 Ng4+ 45. Nxg4 Rxg4 46. Bf8 Rf4 47. Rxf4 Nxf4 48. Bb4 h5 49. Kg3 Ng6 50. c4 Kh6 51. Bd2+ Kg7 52. Bg5 Kf7 53. Kf3 Ke6 54. Bh6 Kf5 55. Be3 h4 56. Bd2 Nf8 57. Be1 Kg5 58. Bd2+ Kh5 59. Kf4 Ne6+ 60. Ke5 1/2-1/2

[Event "Winnipeg TNT March op"]
[Site "Winnipeg"]
[Date "2018.03.20"]
[Round "3"]
[White "Prince, Colin"]
[Black "Konara, Harshani"]
[Result "1/2-1/2"]
[WhiteElo "1861"]
[BlackElo "1899"]
[PlyCount "78"]
[EventDate "2018.03.06"]
[EventType "swiss"]
[EventRounds "4"]
[EventCountry "CAN"]
[SourceTitle "EXT 2022"]
[Source "ChessBase"]
[SourceDate "2021.10.06"]
[SourceVersion "1"]
[SourceVersionDate "2021.10.06"]
[SourceQuality "1"]

1. e4 c5 2. Nf3 d6 3. d4 cxd4 4. Nxd4 Nf6 5. Nc3 a6 6. Be2 g6 7. Be3 Bg7 8. 0-0 Nbd7 9. Qd2 0-0 10. Bh6 Nc5 11. f3 Qb6 12. Bxg7 Kxg7 13. Kh1 e6 14. a3 Qc7 15. Rad1 Rd8 16. Qg5 b5 17. Rd2 Bb7 18. Rfd1 h6 19. Qg3 Nh5 20. Qh4 d5 21. g3 Nf6 22. exd5 Nxd5 23. Nxd5 Bxd5 24. b4 Na4 25. Rd3 g5 26. Qg4 f5 27. Nxf5+ exf5 28. Qxf5 Bc6 29. Rxd8 Rxd8 30. Bd3 Bxf3+ 31. Qxf3 Nb2 32. Qe4 Nxd3 33. Rxd3 Rxd3 34. Qxd3 Qc6+ 35. Kg1 Qb6+ 36. Kg2 Qc6+ 37. Kf2 Qf6+ 38. Ke3 Qe5+ 39. Kd2 Qe6 1/2-1/2

[Event "Winnipeg op"]
[Site "Winnipeg"]
[Date "2017.07.18"]
[Round "7"]
[White "Prince, Colin"]
[Black "Wiebe, Isaac"]
[Result "0-1"]
[WhiteElo "1451"]
[BlackElo "1667"]
[PlyCount "124"]
[EventDate "2017.06.06"]
[EventType "swiss"]
[EventRounds "8"]
[EventCountry "CAN"]
[SourceTitle "EXT 2022"]
[Source "ChessBase"]
[SourceDate "2021.10.06"]
[SourceVersion "1"]
[SourceVersionDate "2021.10.06"]
[SourceQuality "1"]

1. e4 e5 2. Nf3 Nc6 3. Bc4 Bc5 4. c3 Nf6 5. d4 exd4 6. cxd4 Bb4+ 7. Nc3 Nxe4 8. 0-0 Bxc3 9. d5 Bf6 10. Re1 Ne7 11. Rxe4 d6 12. Bg5 Bxg5 13. Nxg5 h6 14. Qe2 hxg5 15. Re1 Be6 16. dxe6 f6 17. Re3 c6 18. Qc2 Qc7 19. g3 0-0-0 20. Qa4 d5 21. Bf1 Kb8 22. Ra3 b6 23. Rc1 Rh6 24. h3 f5 25. Re1 Rd6 26. Rae3 Qc8 27. Ra3 Qc7 28. Rae3 f4 29. gxf4 Rh4 30. Rf3 Rd8 31. Qd4 Rxf4 32. Rxf4 gxf4 33. Qe5 Qxe5 34. Rxe5 Kc7 35. Rg5 g6 36. Be2 d4 37. Kf1 Kd6 38. Bc4 b5 39. Bb3 c5 40. a4 bxa4 41. Bxa4 Rh8 42. Kg2 Rb8 43. b3 Rc8 44. Bd7 Rb8 45. Ba4 Rb4 46. Kf3 c4 47. Rb5 Rxb5 48. Bxb5 cxb3 49. Kxf4 b2 50. Bd3 Kxe6 51. h4 Kf6 52. Ke4 Nf5 53. Kd5 Ke7 54. Kc4 Kf6 55. Kb3 Nxh4 56. Kxb2 g5 57. Ka3 Ke5 58. Ka4 Ng2 59. Ka5 Nf4 60. Bc2 d3 61. Bd1 Ne2 62. Ka6 Nc3 0-1

[Event "Winnipeg op"]
[Site "Winnipeg"]
[Date "2017.07.11"]
[Round "6"]
[White "Wolchock, Theo"]
[Black "Prince, Colin"]
[Result "1/2-1/2"]
[WhiteElo "2103"]
[BlackElo "1863"]
[PlyCount "66"]
[EventDate "2017.06.06"]
[EventType "swiss"]
[EventRounds "8"]
[EventCountry "CAN"]
[SourceTitle "EXT 2022"]
[Source "ChessBase"]
[SourceDate "2021.10.06"]
[SourceVersion "1"]
[SourceVersionDate "2021.10.06"]
[SourceQuality "1"]

1. c4 c6 2. g3 d5 3. b3 Nf6 4. Bb2 Nbd7 5. Bg2 e5 6. e3 Be7 7. Ne2 0-0 8. 0-0 Re8 9. d4 e4 10. Nbc3 Nf8 11. Nf4 Ng6 12. Nxg6 hxg6 13. f3 Bf8 14. fxe4 dxe4 15. Qc2 Bf5 16. Rad1 Qc8 17. a3 Bh3 18. b4 Bxg2 19. Kxg2 Ng4 20. Qe2 f5 21. h3 Nf6 22. Rd2 Bd6 23. c5 Bb8 24. d5 cxd5 25. Nxd5 Nh5 26. Nf4 Qc7 27. Nxh5 gxh5 28. Qxh5 Qxg3+ 29. Kh1 Be5 30. Bxe5 Rxe5 31. Rd7 f4 32. Qxe5 Qxh3+ 33. Kg1 Qg3+ 1/2-1/2

[Event "Winnipeg op"]
[Site "Winnipeg"]
[Date "2017.06.20"]
[Round "3"]
[White "Jenkins, Mark"]
[Black "Prince, Colin"]
[Result "0-1"]
[WhiteElo "1409"]
[BlackElo "1863"]
[PlyCount "77"]
[EventDate "2017.06.06"]
[EventType "swiss"]
[EventRounds "8"]
[EventCountry "CAN"]
[SourceTitle "EXT 2022"]
[Source "ChessBase"]
[SourceDate "2021.10.06"]
[SourceVersion "1"]
[SourceVersionDate "2021.10.06"]
[SourceQuality "1"]

1. d4 Nf6 2. c4 g6 3. Nc3 Bg7 4. Nf3 d5 5. e3 c6 6. Be2 Nbd7 7. 0-0 0-0 8. Qb3 dxc4 9. Bxc4 b5 10. Bd3 a5 11. Bd2 Bb7 12. Qc2 Re8 13. Rfd1 e5 14. Ne4 Nxe4 15. Bxe4 Rc8 16. dxe5 Nxe5 17. Bc3 Qc7 18. b3 f5 19. Bxe5 Bxe5 20. Nxe5 Qxe5 21. Bf3 g5 22. g3 g4 23. Bg2 Re7 24. Rac1 c5 25. Bxb7 Rxb7 26. Rd2 c4 27. Rcd1 Qe6 28. Rd6 cxb3 29. Qxc8+ Qxc8 30. Rd8+ Qxd8 31. Rxd8+ Kg7 32. axb3 Ra7 33. Rd5 a4 34. bxa4 bxa4 35. Kf1 a3 36. Rd1 a2 37. Ra1 Kf7 38. Ke2 Ke6 39. Kd3 0-1

[Event "Winnipeg TNT April op"]
[Site "Winnipeg"]
[Date "2017.04.18"]
[Round "3"]
[White "Reimer, Bruce"]
[Black "Prince, Colin"]
[Result "0-1"]
[WhiteElo "1658"]
[BlackElo "1865"]
[PlyCount "68"]
[EventDate "2017.04.04"]
[EventType "swiss"]
[EventRounds "4"]
[EventCountry "CAN"]
[SourceTitle "EXT 2022"]
[Source "ChessBase"]
[SourceDate "2021.10.06"]
[SourceVersion "1"]
[SourceVersionDate "2021.10.06"]
[SourceQuality "1"]

1. c4 Nf6 2. g3 e5 3. Bg2 Bc5 4. e3 Bb6 5. Nc3 c6 6. Nge2 d5 7. cxd5 cxd5 8. d4 e4 9. b3 Nc6 10. Ba3 a5 11. Nb5 Nb4 12. 0-0 0-0 13. Qd2 Qe7 14. Nf4 g5 15. Nh3 h6 16. Nc3 Bf5 17. f3 Qe6 18. Nf2 Rfe8 19. fxe4 dxe4 20. h3 h5 21. Kh2 Bc7 22. Bxb4 axb4 23. Ne2 Nd5 24. Nd1 h4 25. Nf2 Kg7 26. Nh1 Rh8 27. Rxf5 Qxf5 28. Rf1 Qe6 29. Nf2 Nc3 30. Nh1 Rxa2 31. d5 Qe5 32. Qd4 Nxe2 33. Qc4 Nxg3 34. Nxg3 Qxg3+ 0-1

[Event "Winnipeg TNT January op"]
[Site "Winnipeg"]
[Date "2017.01.31"]
[Round "4.4"]
[White "Magnusson, Saul"]
[Black "Prince, Colin"]
[Result "1-0"]
[WhiteElo "2072"]
[BlackElo "1898"]
[PlyCount "99"]
[EventDate "2017.01.10"]
[EventType "swiss"]
[EventRounds "4"]
[EventCountry "CAN"]
[SourceTitle "EXT 2022"]
[Source "ChessBase"]
[SourceDate "2021.10.06"]
[SourceVersion "1"]
[SourceVersionDate "2021.10.06"]
[SourceQuality "1"]

1. d4 Nf6 2. c4 g6 3. Nc3 d6 4. e4 Bg7 5. Nf3 Nbd7 6. Be2 0-0 7. 0-0 c6 8. Be3 e5 9. Qd2 Re8 10. d5 Nc5 11. dxc6 Ncxe4 12. Nxe4 Nxe4 13. Qd5 Nc5 14. Bxc5 dxc5 15. Qxc5 bxc6 16. Qxc6 Bd7 17. Qd5 Qc7 18. Rad1 Bc6 19. Qc5 Bf8 20. Qe3 Qa5 21. a3 Rab8 22. b4 Qc7 23. c5 Ba8 24. Nd2 Qc6 25. Bf3 e4 26. Bg4 a5 27. Nb3 axb4 28. Bd7 Qc7 29. Bxe8 Rxe8 30. axb4 Qb7 31. Rd4 Bg7 32. Rc4 Qb5 33. Rfc1 Bd5 34. Nd4 Qa4 35. Qb3 Qa8 36. Nb5 Qc6 37. Nd6 Ra8 38. b5 Qd7 39. Qb4 Qe6 40. R4c2 e3 41. fxe3 Qxe3+ 42. Kh1 Ra2 43. Re1 Bc3 44. Qxc3 Qxc3 45. Rxc3 Rxg2 46. Ne4 Rg4 47. h3 Rf4 48. Kg1 Bxe4 49. Rxe4 Rxe4 50. c6 1-0

[Event "Winnipeg TNT January op"]
[Site "Winnipeg"]
[Date "2017.01.17"]
[Round "2.4"]
[White "Prince, Colin"]
[Black "Czarny, Keith"]
[Result "1-0"]
[WhiteElo "1898"]
[BlackElo "1657"]
[PlyCount "101"]
[EventDate "2017.01.10"]
[EventType "swiss"]
[EventRounds "4"]
[EventCountry "CAN"]
[SourceTitle "EXT 2022"]
[Source "ChessBase"]
[SourceDate "2021.10.06"]
[SourceVersion "1"]
[SourceVersionDate "2021.10.06"]
[SourceQuality "1"]

1. e4 e6 2. d4 d5 3. e5 Ne7 4. Nf3 Nbc6 5. Bg5 h6 6. Bh4 Qd7 7. Nbd2 Nf5 8. Nb3 Nxh4 9. Nxh4 Be7 10. Qg4 Bxh4 11. Qxh4 Qe7 12. Qg3 Qg5 13. Qc3 a6 14. h4 Qe7 15. a3 Bd7 16. Nc5 b6 17. Nxa6 Ra7 18. b4 0-0 19. b5 Na5 20. Nb4 Rc8 21. Rh3 Rca8 22. g4 f6 23. Qg3 Nc4 24. Bxc4 dxc4 25. Nc6 Bxc6 26. bxc6 b5 27. g5 fxg5 28. hxg5 Qxg5 29. Ke2 Qxg3 30. Rxg3 Kh7 31. Rag1 Rg8 32. Rg6 Rxa3 33. Rxe6 Ra2 34. Kd2 b4 35. d5 b3 36. Rc1 Rf8 37. Kc3 b2 38. Rb1 Rf3+ 39. Kxc4 Rxf2 40. Kb3 Ra5 41. c4 Ra8 42. d6 Rb8+ 43. Kc3 Rf3+ 44. Kd2 cxd6 45. exd6 Rbb3 46. c7 Rf2+ 47. Re2 Rff3 48. c8Q Rfd3+ 49. Ke1 Rxd6 50. Qf5+ Rg6 51. Rbxb2 1-0

[Event "Winnipeg Rosenbloom Memorial"]
[Site "Winnipeg"]
[Date "2016.11.29"]
[Round "5"]
[White "Prince, Colin"]
[Black "Wolchock, Theo"]
[Result "0-1"]
[WhiteElo "1895"]
[BlackElo "2001"]
[PlyCount "77"]
[EventDate "2016.11.01"]
[EventType "swiss"]
[EventRounds "7"]
[EventCountry "CAN"]
[SourceTitle "EXT 2022"]
[Source "ChessBase"]
[SourceDate "2021.10.06"]
[SourceVersion "1"]
[SourceVersionDate "2021.10.06"]
[SourceQuality "1"]

1. e4 c5 2. Nf3 e6 3. d4 cxd4 4. Nxd4 Nf6 5. Nc3 Bb4 6. Bd3 d6 7. 0-0 0-0 8. Bg5 Nbd7 9. Nce2 Bc5 10. c3 Qb6 11. b4 Bxd4 12. Nxd4 Qc7 13. Rc1 d5 14. exd5 Nxd5 15. Bb1 N5f6 16. Qf3 h6 17. Bf4 Qb6 18. Be3 Qd8 19. Rfd1 Qe7 20. Re1 Qd8 21. c4 Ne5 22. Qg3 Neg4 23. Rcd1 Nxe3 24. Qxe3 Qc7 25. Qd3 Bd7 26. Qc2 Bc6 27. b5 Bd7 28. Nf3 Rac8 29. Ne5 Rfd8 30. Rd3 Be8 31. Rf3 Rd4 32. h3 Qa5 33. Re2 Rcd8 34. Rxf6 gxf6 35. Qh7+ Kf8 36. Ng4 Rxg4 37. hxg4 Rd1+ 38. Kh2 Qc7+ 39. g3 0-1

[Event "Winnipeg Rosenbloom Memorial"]
[Site "Winnipeg"]
[Date "2016.11.22"]
[Round "4"]
[White "Boron, Anthony"]
[Black "Prince, Colin"]
[Result "1-0"]
[WhiteElo "2032"]
[BlackElo "1895"]
[PlyCount "59"]
[EventDate "2016.11.01"]
[EventType "swiss"]
[EventRounds "7"]
[EventCountry "CAN"]
[SourceTitle "EXT 2022"]
[Source "ChessBase"]
[SourceDate "2021.10.06"]
[SourceVersion "1"]
[SourceVersionDate "2021.10.06"]
[SourceQuality "1"]

1. e4 e5 2. Nf3 Nc6 3. Bb5 a6 4. Bxc6 dxc6 5. 0-0 Bg4 6. h3 h5 7. d3 Qf6 8. Be3 Bxf3 9. Qxf3 Qxf3 10. gxf3 Ne7 11. f4 Ng6 12. fxe5 Nxe5 13. f4 Nd7 14. Nd2 0-0-0 15. Kf2 h4 16. Nf3 Nf6 17. Ne5 Be7 18. Nxf7 Nh5 19. Nxh8 Rxh8 20. Rg1 g5 21. f5 Bd6 22. Rxg5 Bg3+ 23. Kf3 Nf6 24. Bd4 Rf8 25. Bxf6 Rxf6 26. Rxg3 hxg3 27. Kxg3 Kd7 28. Rg1 Kd6 29. Kf4 Kc5 30. Rg6 1-0

[Event "Winnipeg Rosenbloom Memorial"]
[Site "Winnipeg"]
[Date "2016.11.15"]
[Round "3"]
[White "Prince, Colin"]
[Black "Valentino, Marcos"]
[Result "0-1"]
[WhiteElo "1895"]
[BlackElo "2224"]
[PlyCount "95"]
[EventDate "2016.11.01"]
[EventType "swiss"]
[EventRounds "7"]
[EventCountry "CAN"]
[SourceTitle "EXT 2022"]
[Source "ChessBase"]
[SourceDate "2021.10.06"]
[SourceVersion "1"]
[SourceVersionDate "2021.10.06"]
[SourceQuality "1"]

1. d4 Nf6 2. c4 d6 3. Nf3 Nbd7 4. Nc3 e5 5. e4 Be7 6. Be2 0-0 7. 0-0 exd4 8. Nxd4 Nc5 9. Bf3 Re8 10. Re1 a6 11. b3 Bf8 12. Bg5 h6 13. Bc1 g6 14. Bb2 Bg7 15. Qc2 Bg4 16. Bd1 Bxd1 17. Raxd1 Nfd7 18. h3 Nb6 19. f4 Qh4 20. Qf2 Bf6 21. Re3 Re7 22. Rg3 Kh7 23. Qf3 Rae8 24. Rg4 Qh5 25. f5 g5 26. h4 Ncd7 27. Rg3 Qxh4 28. Rh3 g4 29. Rxh4 gxf3 30. Rh3 fxg2 31. Bc1 Bg7 32. Kxg2 Rh8 33. Be3 Kg8 34. Rdh1 Nf6 35. Kf3 h5 36. Bg5 Nbd7 37. Rg1 Ne5+ 38. Kf4 Neg4 39. b4 Bh6 40. Nf3 Kf8 41. Bxh6+ Rxh6 42. Re1 Nf2 43. Rh4 Nd3+ 44. Kg5 Nxe1 45. Nxe1 Kg7 46. Ng2 Ng4 47. Rxh5 Rxh5+ 48. Kxh5 0-1

[Event "Winnipeg op"]
[Site "Winnipeg"]
[Date "2016.07.19"]
[Round "7"]
[White "Prince, Colin"]
[Black "Bince, Rolando"]
[Result "0-1"]
[WhiteElo "1917"]
[BlackElo "2043"]
[PlyCount "108"]
[EventDate "2016.06.07"]
[EventType "swiss"]
[EventRounds "8"]
[EventCountry "CAN"]
[SourceTitle "EXT 2022"]
[Source "ChessBase"]
[SourceDate "2021.10.06"]
[SourceVersion "1"]
[SourceVersionDate "2021.10.06"]
[SourceQuality "1"]

1. e4 c5 2. b4 cxb4 3. a3 e5 4. axb4 Bxb4 5. c3 Be7 6. Bc4 Nf6 7. Nf3 0-0 8. Qe2 d6 9. h3 b6 10. Na3 Bb7 11. d3 d5 12. exd5 Nxd5 13. Qc2 Nd7 14. 0-0 Kh8 15. d4 exd4 16. Nxd4 Ne5 17. f4 Nxc4 18. Nxc4 Bc5 19. Ba3 Rc8 20. Bxc5 Rxc5 21. Rxa7 Rxc4 22. Rxb7 Qc8 23. Qb3 Qxb7 24. Qxc4 Ne3 25. Qe2 Nxf1 26. Kxf1 Kg8 27. Qe5 Qb8 28. Qg5 h6 29. Qg4 Kh7 30. h4 Qc8 31. Qg3 Qc4+ 32. Ke1 Re8+ 33. Kd2 Qa2+ 34. Kd3 f5 35. h5 Qb1+ 36. Kd2 Kh8 37. Nc2 Qf1 38. Nd4 Re4 39. Kc2 Re1 40. Nb3 Re2+ 41. Nd2 Qxg2 42. Qxg2 Rxg2 43. Kd3 Rf2 44. Ke3 Rh2 45. Nc4 Rxh5 46. Nxb6 g5 47. Nd5 Rh1 48. c4 Re1+ 49. Kf3 Kg7 50. Ne3 g4+ 51. Kf2 Rxe3 52. Kxe3 Kf6 53. Kd4 Ke6 54. c5 h5 0-1